Statistics for U.S. States with the Highest Diabetes Rate

Click here to take the quiz!

General Stats

  • This quiz has been taken 73 times
  • The average score is 9 of 10

Answer Stats

Rate % State % Correct
13.5Arkansas
96%
12.7Tennessee
94%
14.6Alabama
93%
13.6Mississippi
91%
13.1Kentucky
91%
13.0South Carolina
91%
12.1Georgia
88%
12.1Louisiana
88%
12.0Oklahoma
78%
15.0West Virginia
73%

Score Distribution

Percentile by Number Answered

Percent of People with Each Score

Your Score History

You have not taken this quiz